00306nam a2200121Ia 4500003000400000005001700004008004100021020001800062040002000080100001900100245004000119260002500159OSt20231227103857.0170524s9999 xx 000 0 und d a9788184570465 cIIMT UNIVERSITY aGHOSH- SUBRATO 0a BROADCASTING AND ONLINE NETWORKING bNew Delhi : Adhiyaya